From migratory ethnic agricultural labours to settled cultivators : (Record no. 14320)
[ view plain ]
| 000 -LEADER | |
|---|---|
| fixed length control field | 00700nam a2200181Ia 4500 |
| 082 ## - DEWEY DECIMAL CLASSIFICATION NUMBER | |
| Classification number | TC.0040 |
| 100 ## - MAIN ENTRY--AUTHOR NAME | |
| Personal name | Chattopadhyay, Madhusudan |
| 245 #0 - TITLE STATEMENT | |
| Title | From migratory ethnic agricultural labours to settled cultivators : |
| Sub Title | a micro study of the formation of sattelite villagesin fringe Bengal |
| 260 ## - PUBLICATION, DISTRIBUTION, ETC. (IMPRINT) | |
| Year of publication | 1979 |
| Name of publisher | University of Calcutta |
| 300 ## - PHYSICAL DESCRIPTION | |
| Number of Pages | 291 |
| 650 ## - SUBJECT ADDED ENTRY--TOPICAL TERM | |
| Topical Term | Anthropology, Social |
| Form subdivision | India |
| -- | West Bengal |
| 650 ## - SUBJECT ADDED ENTRY--TOPICAL TERM | |
| Topical Term | Santals, The |
| 650 ## - SUBJECT ADDED ENTRY--TOPICAL TERM | |
| Topical Term | Agricultural labourers |
| Form subdivision | India |
| -- | Burdwan district (West Bengal) |
| 650 ## - SUBJECT ADDED ENTRY--TOPICAL TERM | |
| Topical Term | Rehabilitation, Rural |
| Form subdivision | India |
| -- | Burdwan district (West Bengal) |
| 650 ## - SUBJECT ADDED ENTRY--TOPICAL TERM | |
| Topical Term | Tribes |
| Form subdivision | India |
| -- | Burdwan district (West Bengal) |
| 710 ## - ADDED ENTRY--CORPORATE NAME | |
| Corporate name or jurisdiction name as entry element | Bhowmick, P.K |
| 942 ## - ADDED ENTRY ELEMENTS (KOHA) | |
| Koha item type | Thesis |
| Source of classification or shelving scheme | Dewey Decimal Classification |
| Withdrawn status | Lost status | Damaged status | Not for loan | Home library | Current library | Date acquired | Bill Date | Full call number | Accession Number | Price effective from | Koha item type |
|---|---|---|---|---|---|---|---|---|---|---|---|
| NASSDOC Library | NASSDOC Library | 08/10/2004 | 2004-10-22 | TC.0040 | 14626 | 18/04/2019 | Thesis |
